| 000 -LEADER | |
|---|---|
| fixed length control field | 00457nam a22001697a 4500 |
| 005 - DATE AND TIME OF LATEST TRANSACTION | |
| control field | 20250911114701.0 |
| 008 - FIXED-LENGTH DATA ELEMENTS--GENERAL INFORMATION | |
| fixed length control field | 220616b ||||| |||| 00| 0 eng d |
| 020 ## - INTERNATIONAL STANDARD BOOK NUMBER | |
| ISBN | 978-93-91211-660 |
| 041 ## - LANGUAGE CODE | |
| Language code of text/sound track or separate title | eng |
| 082 ## - DEWEY DECIMAL CLASSIFICATION NUMBER | |
| Classification number | 346.01 SAX-F |
| 100 ## - MAIN ENTRY--AUTHOR NAME | |
| Personal name | SAXENA, DR. POONAM PRADHAN |
| 245 ## - TITLE STATEMENT | |
| Title | FAMILY LAW LECTURES FAMILY LAW - II 5TH ED. 2022 |
| 260 ## - PUBLICATION, DISTRIBUTION, ETC. (IMPRINT) | |
| Name of publisher | GURGAON |
| Place of publication | LEXIS NIXIS |
| Year of publication | 2022 |
| 300 ## - PHYSICAL DESCRIPTION | |
| Number of Pages | 646;P |
| 650 ## - SUBJECT ADDED ENTRY--TOPICAL TERM | |
| Topical Term | LEGAL STUDIES |
| 942 ## - ADDED ENTRY ELEMENTS (KOHA) | |
| Koha item type | Books |
| Lost status | Damaged status | Collection code | Home library | Current library | Shelving location | Date acquired | Source of acquisition | Cost, normal purchase price | Full call number | Accession Number | Koha item type |
|---|---|---|---|---|---|---|---|---|---|---|---|
| LAW | JRU Library | JRU Library | SHELF-30-C | 16/06/2022 | PURCHASE | 1150.00 | 346.01 | 28830 | Books | ||
| LAW | JRU Library | JRU Library | 10/09/2025 | PURCHASE | 1150.00 | 346.01 | 28831 | Books | |||
| LAW | JRU Library | JRU Library | SHELF-30-C | 10/09/2025 | PURCHASE | 1150.00 | 346.01 | 28832 | Books | ||
| LAW | JRU Library | JRU Library | SHELF-30-C | 10/09/2025 | PURCHASE | 1150.00 | 346.01 | 28833 | Books | ||
| LAW | JRU Library | JRU Library | SHELF-30-C | 10/09/2025 | PURCHASE | 1150.00 | 346.01 | 28834 | Books |